000 00627nam a2200229Ia 4500
003 OSt
005 20221007063010.0
006 a|||||r|||| 00| 0
007 ta
008 221006b |||||||| |||| 00| 0 eng d
024 _a19,573
037 _cTextual
040 _aFLL
_cFLL
_beng
041 _2eng
_aeng
082 _aZ1:36, J3
100 _aPawate I.S. Au.
_9683679
245 0 _aContract and the freedom of the debtor in the common law
260 _aBombay
_bN.M. tripathi ltd. India
_c1953
300 _a145p
_ccm.
942 _hZ1:36, J3
_cTEXL
_2CC
999 _c1130053
_d1130053